Il dolce potere delle corde : Orfeo, Apollo, Arione e Davide nella grafica tra Quattro e Cinquecento ; [mostra Gabinetto Disegni e Stampe degli Uffizi dal 21-6-2012 fino al 23-9-2012]
Gespeichert in:
| Mitwirkende: | |
|---|---|
| Dokumenttyp: | Buch |
| Sprache: | Italian |
| Veröffentlicht: |
Firenze
: Olschki
, 2012
|
| Schriftenreihe: | Gabinetto Disegni e Stampe degli Uffizi
98 |
| Schlagwörter: | |
| Online Zugang: | Inhaltsverzeichnis Inhaltsverzeichnis |
| Bibliogr. Hinweis: | Rezensiert in:
[Rezension von: Susanne Pollack (Hrsg.), Il dolce potere delle corde. Orfeo, Apollo, Arione e Davide nella grafica tra Quattro e Cinquecento] |
| Verantwortlich: | a cura di Susanne Pollack. [Saggi di Cristina Acidini ... Direzione della mostra: Marzia Faietti; Giorgio Marini] |
| LEADER | 06706cam a2201093 c 4500 | ||
|---|---|---|---|
| 001 | 719069157 | ||
| 003 | DE-627 | ||
| 005 | 20260617203218.0 | ||
| 007 | tu | ||
| 008 | 120709s2012 it ||||| c 00| ||ita c | ||
| 010 | |a 2012455849 | ||
| 020 | |a 9788822261830 |9 978-88-222-6183-0 | ||
| 020 | |a 8822261836 |9 88-222-6183-6 | ||
| 035 | |a (DE-627)719069157 | ||
| 035 | |a (DE-603)305329278 | ||
| 035 | |a (DE-576)367933470 | ||
| 035 | |a (DE-599)BVBBV040285403 | ||
| 035 | |a (OCoLC)855876618 | ||
| 035 | |a (OCoLC)812206193 | ||
| 035 | |a (OCoLC)798923220 | ||
| 035 | |a (DE-604)BV040285403 | ||
| 040 | |a DE-627 |b ger |c DE-627 |e rakwb | ||
| 041 | |a ita | ||
| 044 | |c XA-IT | ||
| 050 | 0 | |a NC255 | |
| 082 | 0 | |a 704 |2 21 | |
| 084 | |a 9,10 |2 ssgn | ||
| 084 | |a LH 32760 |q DE-24/20sred |2 rvk |0 (DE-625)rvk/93075: | ||
| 084 | |a LN 85350 |2 rvk |0 (DE-625)rvk/102450: | ||
| 084 | |a LH 81540 |2 rvk |0 (DE-625)rvk/95163: | ||
| 084 | |a LH 82700 |2 rvk |0 (DE-625)rvk/95244: | ||
| 084 | |a 21.32 |2 bkl | ||
| 084 | |a 20.29 |2 bkl | ||
| 084 | |a 20.27 |2 bkl | ||
| 245 | 0 | 3 | |a Il dolce potere delle corde |b Orfeo, Apollo, Arione e Davide nella grafica tra Quattro e Cinquecento ; [mostra Gabinetto Disegni e Stampe degli Uffizi dal 21-6-2012 fino al 23-9-2012] |c a cura di Susanne Pollack. [Saggi di Cristina Acidini ... Direzione della mostra: Marzia Faietti; Giorgio Marini] |
| 264 | 1 | |a Firenze |b Olschki |c 2012 | |
| 300 | |a VIII, 177 S. |b zahlr. Ill. |c 29 cm | ||
| 336 | |a Text |b txt |2 rdacontent | ||
| 336 | |a unbewegtes Bild |b sti |2 rdacontent | ||
| 337 | |a ohne Hilfsmittel zu benutzen |b n |2 rdamedia | ||
| 338 | |a Band |b nc |2 rdacarrier | ||
| 490 | 1 | |a Gabinetto Disegni e Stampe degli Uffizi |v 98 | |
| 500 | |a Genaue Ausstellungsdaten aus dem Internet | ||
| 583 | 1 | |a Archivierung/Langzeitarchivierung gewährleistet |f SSG |x XA-DE-BW |2 pdager |5 DE-16 | |
| 583 | 1 | |a Archivierung prüfen |c 20240324 |f DE-4165 |z 1 |2 pdager | |
| 648 | 7 | |a Geschichte 1400-1600 |2 gnd | |
| 650 | 0 | |a Drawing, Renaissance |z Italy |x Themes, motives |v Exhibitions | |
| 650 | 0 | |a Drawing, Italian |x Themes, motives |v Exhibitions | |
| 650 | 0 | |a Music in art |v Exhibitions | |
| 650 | 0 | 7 | |0 (DE-588)4113357-2 |0 (DE-627)104279680 |0 (DE-576)20947582X |a Druckgrafik |2 gnd |
| 650 | 0 | 7 | |0 (DE-588)4350311-1 |0 (DE-627)164055185 |0 (DE-576)211512044 |a Harfe |g Motiv |2 gnd |
| 650 | 0 | 7 | |0 (DE-588)4840883-9 |0 (DE-627)700530665 |0 (DE-576)217092640 |a Lyra |g Motiv |2 gnd |
| 651 | 7 | |0 (DE-588)4027833-5 |0 (DE-627)106283235 |0 (DE-576)208972501 |a Italien |2 gnd | |
| 655 | 7 | |a Ausstellungskatalog |0 (DE-588)4135467-9 |0 (DE-627)10566491X |0 (DE-576)209660988 |2 gnd-content | |
| 655 | 7 | |a Ausstellungskatalog |y 2012 |z Florenz |0 (DE-588)4135467-9 |0 (DE-627)10566491X |0 (DE-576)209660988 |2 gnd-content | |
| 689 | 0 | 0 | |d g |0 (DE-588)4027833-5 |0 (DE-627)106283235 |0 (DE-576)208972501 |a Italien |2 gnd |
| 689 | 0 | 1 | |d s |0 (DE-588)4021845-4 |0 (DE-627)106311913 |0 (DE-576)20894026X |a Grafik |2 gnd |
| 689 | 0 | 2 | |d s |0 (DE-588)7720410-4 |0 (DE-627)700610669 |0 (DE-576)331806002 |a Saiteninstrument |g Motiv |2 gnd |
| 689 | 0 | 3 | |d p |0 (DE-588)118590278 |0 (DE-627)079383637 |0 (DE-576)209057769 |a Orpheus |c Fiktive Gestalt |2 gnd |
| 689 | 0 | 4 | |d p |0 (DE-588)118503642 |0 (DE-627)079308341 |0 (DE-576)208847081 |a Apollon |c Gott |2 gnd |
| 689 | 0 | 5 | |d p |0 (DE-588)102381283 |0 (DE-627)07674440X |0 (DE-576)216618134 |a Arion |c Methymnaeus |2 gnd |
| 689 | 0 | 6 | |d p |0 (DE-588)118523929 |0 (DE-627)079325416 |0 (DE-576)208892230 |a David |c Israel, König |2 gnd |
| 689 | 0 | 7 | |a z |2 gnd |a Geschichte 1400-1600 |
| 689 | 0 | |5 (DE-627) | |
| 700 | 1 | |a Pollack, Susanne |d 1979- |e Hrsg. |0 (DE-588)172967678 |0 (DE-627)697893944 |0 (DE-576)133821366 |4 edt | |
| 700 | 1 | |a Acidini Luchinat, Cristina |d 1951- |0 (DE-588)124991319 |0 (DE-627)369629833 |0 (DE-576)165574127 |4 oth | |
| 700 | 1 | |a Faietti, Marzia |0 (DE-588)1057195774 |0 (DE-627)795354339 |0 (DE-576)413664694 |4 oth | |
| 700 | 1 | |a Marini, Giorgio |0 (DE-588)136838030 |0 (DE-627)587805765 |0 (DE-576)301302499 |4 oth | |
| 710 | 2 | |a Gabinetto Disegni e Stampe |g Florenz |0 (DE-588)1003196-0 |0 (DE-627)103009043 |0 (DE-576)19114990X |4 oth | |
| 710 | 2 | |a Soprintendenza Speciale per il Patrimonio Storico, Artistico ed Etnoantropologico e per il Polo Museale della città di Firenze |0 (DE-588)10354858-0 |0 (DE-627)577077201 |0 (DE-576)284600938 |4 oth | |
| 787 | 0 | 8 | |i Rezensiert in |a Vai, Emanuela |t [Rezension von: Susanne Pollack (Hrsg.), Il dolce potere delle corde. Orfeo, Apollo, Arione e Davide nella grafica tra Quattro e Cinquecento] |d 2016 |w (DE-627)181903318X |
| 810 | 2 | |a Gabinetto Disegni e Stampe |g Florenz |t Cataloghi / Gabinetto Disegni e Stampe degli Uffizi |v 98 |9 98 |w (DE-627)130881074 |w (DE-576)014270846 |w (DE-600)1037822-4 |x 0072-0070 |7 am | |
| 856 | 4 | 2 | |u https://swbplus.bsz-bw.de/bsz367933470inh.htm |m B:DE-576;DE-16 |q application/pdf |v 20120802115722 |x Verlag |3 Inhaltsverzeichnis |7 1 |
| 856 | 4 | 2 | |u http://scans.hebis.de/HEBCGI/show.pl?30532927_toc.pdf |m V:DE-576;B:DE-16 |q application/pdf |3 Inhaltsverzeichnis |7 1 |
| 935 | |i Blocktest | ||
| 936 | r | v | |a LH 32760 |b Florenz |k Kunstgeschichte |k Allgemeines. Allgemeine Kunstgeschichte |k Museumskunde. Museumskataloge |k Kataloge einzelner Museen; Schrifttum über einzelne Museen |k Orte F |k Florenz |0 (DE-627)1271984326 |0 (DE-625)rvk/93075: |0 (DE-576)201984326 |
| 936 | r | v | |a LN 85350 |b Hochrenaissance (und Renaissance allgemein) |k Kunstgeschichte |k Kunst nach Ländern bzw. Kontinenten |k Italien |k Italienische Kunstgeschichte nach Gattungen |k Zeichnung und Grafik |k Einzelne Epochen |k Hochrenaissance (und Renaissance allgemein) |0 (DE-627)127070513X |0 (DE-625)rvk/102450: |0 (DE-576)20070513X |
| 936 | r | v | |a LH 81540 |b Allgemein |k Kunstgeschichte |k Allgemeines. Allgemeine Kunstgeschichte |k Kunstgeschichte einzelner Gattungen der Kunst |k Ikonographie, Ikonologie |k Ikonographie der Mythologie |k Griechisch-römische Mythologie |k Allgemein |0 (DE-627)1270651358 |0 (DE-625)rvk/95163: |0 (DE-576)200651358 |
| 936 | r | v | |a LH 82700 |b andere Gestalten und Szenen |k Kunstgeschichte |k Allgemeines. Allgemeine Kunstgeschichte |k Kunstgeschichte einzelner Gattungen der Kunst |k Ikonographie, Ikonologie |k Christliche Ikonographie |k Ikonographie biblischer Darstellungen |k Altes Testament |k andere Gestalten und Szenen |0 (DE-627)1271121263 |0 (DE-625)rvk/95244: |0 (DE-576)201121263 |
| 936 | b | k | |a 21.32 |j Geschichte der Graphik |0 (DE-627)106405756 |
| 936 | b | k | |a 20.29 |j Antike Mythologie |x Ikonographie |0 (DE-627)106406779 |
| 936 | b | k | |a 20.27 |j Bibel |x Ikonographie |0 (DE-627)106421239 |
| 936 | s | n | |a l300 |2 mzub |
| 951 | |a BO | ||
| 990 | |a Italien | ||
| 990 | |a Grafik | ||
| 990 | |a Saiteninstrument | ||
| 990 | |a Orpheus <Fiktive Gestalt> | ||
| 990 | |a Apollon <Gott> | ||
| 990 | |a Arion <Methymnaeus> | ||
| 990 | |a David <Israel, König> | ||
| 990 | |a Geschichte 1400-1600 | ||
| 991 | |a Rezensiertes Werk | ||
| 999 | |a KXP-PPN719069157 |e 4200650932 | ||


